| LEADER |
00842nam0a2200205 450 |
| 001 |
16847868 |
| 010 |
|
|
|a 2-01-236459-4
|b Br.
|
| 100 |
|
|
|a 19991108d2000 u u0frey01 ba
|
| 101 |
0 |
|
|a fre
|
| 102 |
|
|
|a FR
|
| 200 |
0 |
|
|a Essentiel du feng shui (L')
|f Simon Brown
|
| 207 |
|
1 |
|a
|
| 210 |
|
|
|a Paris
|b 79 boulevard Saint Germain.
|c Hachette
|d 2000
|
| 215 |
|
|
|a 144 p.
|d 23 x 14 cm
|
| 225 |
1 |
|
|a Aux sources du bien-être
|
| 330 |
|
|
|a Qu'est-ce que le feng shui et comment l'utiliser pour améliorer la vie de tous les jours : des explications claires et détaillées sur cette science millénaire, des exemples illustrés pour la mettre en application.
|
| 700 |
|
0 |
|a Brown
|b Simon
|4 70
|
| 900 |
|
|
|a Documentaire
|
| 901 |
|
|
|a Accessible au prêt
|
| 995 |
|
|
|a Bibliothèque
|c Bibliothèque
|f 00156004814596
|h 00156004814596
|k 613 BRO
|o p
|q a
|r az
|e Bibliothèque
|